| 000 | 00577nam a22002177a 4500 | ||
|---|---|---|---|
| 003 | OSt | ||
| 005 | 20140310182957.0 | ||
| 008 | 130207t xxu||||| |||| 00| 0 eng d | ||
| 020 | _a9789712724565 | ||
| 050 |
_aLB 3051 _b.R426 2011 |
||
| 100 | _aRico, Alberto A. | ||
| 245 |
_aAssessment of students' learning : _ba practical approach / _cAlberto A. Rico. |
||
| 260 |
_aManila : _bAnvil Publishing, _c 2011. |
||
| 300 |
_a223 p. ; _c 25 cm. _bill. ; |
||
| 521 | _aEDU | ||
| 562 | _e3 | ||
| 942 |
_2lcc _cBK _kLOC |
||
| 999 |
_c18025 _d18025 |
||